00533nam a22001697a 450000500170000001000130001702000260003003500110005603700130006708200070008010000300008724500630011724600520018026000510023227000570028330000230034020211111123017.0 aUR-11322 c146.00a9789390533381 aU-9877 bDBAD/PUB aک aعظيم ا نصا ر ی  aد و گھنٹے کی محبت cعظيم ا نصا ر ی  aDo Ghante Ki Mohabbat (Urdu)bby Azeem Ansari  aN.Delhic2020 ءbEducational Publishing House aD1/16,Ansari Road,Darya Ganj,bNew Delhie110002l - a248 ص c22 Cm(Hb)